Normal view
MARC view
- العلوم الاجتماعية - دراسة وتعليم
Entry Topical Term
001 - CONTROL NUMBER
- control field: 11801
003 - CONTROL NUMBER IDENTIFIER
- control field: JO-AjAnu
005 - DATE AND TIME OF LATEST TRANSACTION
- control field: 20230606072207.0
008 - FIXED-LENGTH DATA ELEMENTS
- fixed length control field: 230606|| aca||aabn | a|a d
040 ## - CATALOGING SOURCE
- Original cataloging agency: JO-AjAnu
- Transcribing agency: JO-AjAnu
150 ## - HEADING--TOPICAL TERM
- Topical term or geographic name entry element: العلوم الاجتماعية - دراسة وتعليم
670 ## - SOURCE DATA FOUND
- Source citation: Work cat.: (JO-AjAnu)6078: الفتلاوي،سهيلة محسن كاظم, author 11800, كفايات تدريس المواد الاجتماعية بين النظرية والتطبيق في التخطيط والتقويم(مع الامثلة الوافية)